000 00415nam a2200145Ia 4500
008 240729s9999 xx 000 0 und d
245 0 _aInterdisciplinaria Archaeologica
260 _aCzechia
260 _bArchaeological Centre Olomouc
650 _a Archaeology
650 _aAuxiliary sciences of history
856 _uhttps://doaj.org/toc/53f3149289d042f69f2328265941d125
942 _2ddc
942 _cDOAJEJ
999 _c65739
_d65739
945 _a1
_bMadushi Gamage
_c1
_dMadushi Gamage